<?xml version="1.0" encoding="UTF-8"?>
<record
    xmlns:xsi="http://www.w3.org/2001/XMLSchema-instance"
    xsi:schemaLocation="http://www.loc.gov/MARC21/slim http://www.loc.gov/standards/marcxml/schema/MARC21slim.xsd"
    xmlns="http://www.loc.gov/MARC21/slim">

  <leader>03383nam a22003137a 4500</leader>
  <controlfield tag="003">OSt</controlfield>
  <controlfield tag="005">20240826100229.0</controlfield>
  <controlfield tag="007">cr ||||||a|c|a</controlfield>
  <controlfield tag="008">240822s2020    mx adb|fom||| 001 0 spa d</controlfield>
  <datafield tag="040" ind1=" " ind2=" ">
    <subfield code="e">rda</subfield>
  </datafield>
  <datafield tag="100" ind1="1" ind2=" ">
    <subfield code="a">Fonseca G&#xF3;mez, Juan Daniel</subfield>
    <subfield code="9">130613</subfield>
  </datafield>
  <datafield tag="245" ind1="1" ind2="0">
    <subfield code="a">Comportamiento productivo de cerdos en engorda suplementados con &#xE1;cido laurico en la dieta /</subfield>
    <subfield code="c">por Juan Daniel Fonseca G&#xF3;mez; director Mariano Jes&#xFA;s Gonz&#xE1;lez Alcorta; asesor Agust&#xED;n Ru&#xED;z Flores; asesor Constantino Romero M&#xE1;rquez</subfield>
  </datafield>
  <datafield tag="264" ind1=" " ind2="1">
    <subfield code="a">Chapingo, M&#xE9;xico :</subfield>
    <subfield code="b">El autor,</subfield>
    <subfield code="c">2020.</subfield>
  </datafield>
  <datafield tag="300" ind1=" " ind2=" ">
    <subfield code="a">1 recurso en l&#xED;nea (57 p&#xE1;ginas):</subfield>
    <subfield code="b">Ilustraciones, cuadros, gr&#xE1;ficas</subfield>
  </datafield>
  <datafield tag="336" ind1=" " ind2=" ">
    <subfield code="2">rdacontent</subfield>
    <subfield code="a">texto</subfield>
    <subfield code="b">txt</subfield>
  </datafield>
  <datafield tag="337" ind1=" " ind2=" ">
    <subfield code="2">rdamedia</subfield>
    <subfield code="a">computadora</subfield>
    <subfield code="b">c</subfield>
  </datafield>
  <datafield tag="338" ind1=" " ind2=" ">
    <subfield code="2">rdacarrier</subfield>
    <subfield code="a">recurso en l&#xED;nea</subfield>
    <subfield code="b">cr</subfield>
  </datafield>
  <datafield tag="502" ind1=" " ind2=" ">
    <subfield code="b">MCIG</subfield>
    <subfield code="c">Zootecn&#xED;a</subfield>
    <subfield code="d">2020</subfield>
    <subfield code="g">MAE</subfield>
  </datafield>
  <datafield tag="504" ind1=" " ind2=" ">
    <subfield code="a">Incluye referencias bibliogr&#xE1;ficas: p&#xE1;ginas  3-4, 23-32, 52-57</subfield>
  </datafield>
  <datafield tag="520" ind1=" " ind2=" ">
    <subfield code="a">Por la prohibici&#xF3;n del uso de antibi&#xF3;ticos promotores del crecimiento (AGP) en producci&#xF3;n animal, esta industria est&#xE1; en constante b&#xFA;squeda de alternativas que cumplan con las funciones productivas de forma eficiente; una de las opcioneses el uso de los &#xE1;cidos grasos de cadena media (AGCM). El objetivo del estudio fue evaluar la adici&#xF3;n de &#xE1;cido l&#xE1;urico (AL) en la dieta, en peso vivo, ganancia diaria de peso, consumo de alimento y conversi&#xF3;n alimenticia en iniciaci&#xF3;n, crecimiento, desarrollo y finalizaci&#xF3;n de cerdos en condiciones comerciales. Esta investigaci&#xF3;n se realiz&#xF3; en una granja comercial en el municipio La Piedad de Cabadas, Michoac&#xE1;n. Se utilizaron 172 cerdos cruzados (Hypor&#xD7;PIC337) de 56 d de edad y 18&#xB1;1.69 kg de peso vivo al iniciar el estudio, los cuales se mantuvieron hasta la venta a los 176 d, con una duraci&#xF3;n del experimento de 120 d. Los cerdos se dividieron en dos grupos, en corrales con capacidad de 90 animales cada uno, con espacio suficiente por animal y disponibilidad de agua a libre acceso. El tratamiento 1 (T1=84 cerdos) fue la dieta testigo, sin adicionar ning&#xFA;n antibi&#xF3;tico en el alimento; el tratamiento 2 (T2=88 cerdos) fue la dieta testigo +2.0 kg/ton (0.2%) de AL del producto DICOSAN en cada etapa. Se utiliz&#xF3; un modelo con s&#xF3;lo el efecto fijo de tratamiento (Yij= M + Tij + Eij) y la informaci&#xF3;n se analiz&#xF3; mediante el procedimiento GLM del programa SAS. En ninguna de las etapas estudiadas se detectaron efectos significativos de tratamiento (P&gt;0.05) para peso vivo T1 vs T2 (iniciaci&#xF3;n 22.1 vs 22.0 kg, crecimiento 44.2 vs 44.1 kg, desarrollo 78.6 vs 73.1 kg, finalizaci&#xF3;n 101.1 vs 98.2 kg, venta 130.8 kg vs 127.5 kg), ni para ganancia diaria de peso T1 vs T2 (iniciaci&#xF3;n 0.79 vs 0.79 kg, crecimiento 0.89 vs 0.82 kg, desarrollo 0.88 vs 0.86 kg, finalizaci&#xF3;n 1.06 vs 1.04 kg). Asimismo, los promedios de consumo de alimento y conversi&#xF3;n alimenticia sugieren no diferencias entre los tratamientos.
</subfield>
  </datafield>
  <datafield tag="650" ind1=" " ind2="4">
    <subfield code="a">Cerdos</subfield>
    <subfield code="x">Cr&#xED;a y desarrollo</subfield>
    <subfield code="9">152256</subfield>
  </datafield>
  <datafield tag="650" ind1=" " ind2="4">
    <subfield code="a">Cerdos</subfield>
    <subfield code="x">Alimentaci&#xF3;n y alimentos</subfield>
    <subfield code="9">138335</subfield>
  </datafield>
  <datafield tag="650" ind1=" " ind2="4">
    <subfield code="a">Cerdos</subfield>
    <subfield code="x">Alimentaci&#xF3;n</subfield>
    <subfield code="9">21369</subfield>
  </datafield>
  <datafield tag="700" ind1="1" ind2=" ">
    <subfield code="a">Gonz&#xE1;lez Alcorta, Mariano Jes&#xFA;s</subfield>
    <subfield code="9">48660</subfield>
    <subfield code="e">director</subfield>
  </datafield>
  <datafield tag="700" ind1="0" ind2=" ">
    <subfield code="a">Ruiz Flores, Agust&#xED;n</subfield>
    <subfield code="9">100671</subfield>
    <subfield code="e">asesor</subfield>
  </datafield>
  <datafield tag="700" ind1="1" ind2=" ">
    <subfield code="a">Romero M&#xE1;rquez, Constantino</subfield>
    <subfield code="9">99621</subfield>
  </datafield>
  <datafield tag="856" ind1=" " ind2=" ">
    <subfield code="u">http://10.13.5.2/tesis/tm/2020_ZO_Fonseca_Gomez_JuanDaniel.pdf</subfield>
    <subfield code="z">DESCARGAR PDF</subfield>
  </datafield>
  <datafield tag="942" ind1=" " ind2=" ">
    <subfield code="2">Clasificaci&#xF3;n Universidad Aut&#xF3;noma Chapingo</subfield>
    <subfield code="c">TD</subfield>
  </datafield>
  <datafield tag="999" ind1=" " ind2=" ">
    <subfield code="c">220102</subfield>
    <subfield code="d">220102</subfield>
  </datafield>
  <datafield tag="952" ind1=" " ind2=" ">
    <subfield code="0">0</subfield>
    <subfield code="1">0</subfield>
    <subfield code="2">local</subfield>
    <subfield code="4">0</subfield>
    <subfield code="5">1</subfield>
    <subfield code="7">0</subfield>
    <subfield code="8">TesDigM</subfield>
    <subfield code="a">BD</subfield>
    <subfield code="b">BD</subfield>
    <subfield code="c">E_L</subfield>
    <subfield code="d">2024-08-22</subfield>
    <subfield code="l">0</subfield>
    <subfield code="o">Tesis digital</subfield>
    <subfield code="r">2024-08-22 12:19:28</subfield>
    <subfield code="w">2024-08-22</subfield>
    <subfield code="y">TD</subfield>
  </datafield>
</record>
